| 000 | 00993nam0a22002651 4500 | ||
|---|---|---|---|
| 001 | rc\4312691 | ||
| 005 | 20130416130648.9 | ||
| 035 | _a(NLR Aleph) 008260947 | ||
| 090 |
_a8396559 _c8396559 |
||
| 100 | _a20130416d1968 |||y0rusy50 ca | ||
| 101 | 0 | _arus | |
| 102 | _aRU | ||
| 105 | _ay z ||||| | ||
| 200 | 1 |
_aОсновные тенденции автоматизации производства _fИн-т экономики АН СССР. Сектор экон. эффективности науч.-техн. прогресса |
|
| 210 |
_aМосква _cБ. и. _d1968 |
||
| 215 |
_a[1], 26 с. _d20 |
||
| 300 | _aНа 24-й с. авт.: к. э. н. Волков О.И. | ||
| 300 | _aОтпеч. множит. аппаратом | ||
| 333 | _aДля служебного пользования | ||
| 700 | 1 |
_aВолков _bО. И. _gОльгерд Иванович |
|
| 801 | 0 |
_aRU _bNLR _gpsbo |
|
| 801 | 1 |
_aRU _bELAR _2rusmarc |
|
| 852 |
_aNLR _j50К/13757 |
||
| 942 | _cBOOK | ||
| 980 | _aNB | ||